000 00463nam a2200181Ia 4500
001 13230
005 20260306163038.0
008 260306t2004||||xx |||||||||||||| ||spa||
041 _aESP
082 _a001.42
_bC233
100 _aCegarra Sánchez, José
_eAUT
245 0 _aMetodología de la investigación científica y tecnológica
260 _c2004
300 _a355 páginas :
_c23 cm.
650 _aGEN
654 _aCHU
942 _cLIB
_dJUS
_fJUS
_2ddc
_n
999 _c13230
_d13230